[Event "San Francisco TNM Marathon op"]
[Site "San Francisco"]
[Date "2012.09.04"]
[Round "6"]
[White "Dembling, Arthur"]
[Black "Olson, David L"]
[Result "0-1"]
[WhiteElo "1732"]
[BlackElo "1400"]
[PlyCount "58"]
[EventDate "2012.07.31"]
[EventType "swiss"]
[EventRounds "9"]
[EventCountry "USA"]
[SourceTitle "EXT 2014"]
[Source "ChessBase"]
[SourceDate "2013.11.20"]
[SourceVersion "1"]
[SourceVersionDate "2013.11.20"]
[SourceQuality "1"]

1. e4 e5 2. Nf3 d6 3. Bc4 Nf6 4. d3 Bg4 5. Nc3 Nc6 6. h3 Be6 7. Bxe6 fxe6 8. Be3 d5 9. exd5 exd5 10. Bg5 Bb4 11. Bd2 a6 12. Qe2 Qd6 13. 0-0 0-0-0 14. a3 Bc5 15. Na4 Ba7 16. b4 Rde8 17. Qd1 e4 18. Ng5 Rhf8 19. dxe4 dxe4 20. h4 h6 21. Nh3 h5 22. c4 Ng4 23. g3 Rf3 24. Bf4 Qe6 25. Qe2 Nd4 26. Qa2 e3 27. fxe3 Nxe3 28. Rxf3 Nxf3+ 29. Kh1 Qxh3+ 0-1

[Event "San Francisco TNM Marathon op"]
[Site "San Francisco"]
[Date "2012.08.14"]
[Round "3"]
[White "Dembling, Arthur"]
[Black "Rubandhas, Samprabhu"]
[Result "1-0"]
[WhiteElo "1732"]
[BlackElo "1303"]
[PlyCount "83"]
[EventDate "2012.07.31"]
[EventType "swiss"]
[EventRounds "9"]
[EventCountry "USA"]
[SourceTitle "EXT 2014"]
[Source "ChessBase"]
[SourceDate "2013.11.20"]
[SourceVersion "1"]
[SourceVersionDate "2013.11.20"]
[SourceQuality "1"]

1. e4 e5 2. Nf3 Nc6 3. Bb5 a6 4. Bxc6 bxc6 5. 0-0 d6 6. d4 exd4 7. Nxd4 Bb7 8. Nc3 Nf6 9. Re1 Be7 10. Nf5 0-0 11. e5 Nd5 12. Nxe7+ Qxe7 13. exd6 Qxd6 14. Ne4 Qg6 15. Nc5 Bc8 16. c3 Bh3 17. Qf3 Bg4 18. Qg3 Rae8 19. Bd2 f5 20. f3 Bh5 21. Qxg6 Bxg6 22. Nd7 Rxe1+ 23. Rxe1 Rd8 24. Ne5 Re8 25. Nxc6 Rxe1+ 26. Bxe1 f4 27. Bd2 Be8 28. Nd4 g5 29. Kf2 Kf7 30. c4 c5 31. Nf5 Nb4 32. Bxb4 cxb4 33. Nd6+ Ke7 34. Nxe8 Kxe8 35. Ke2 Kd7 36. b3 Kc6 37. Kd3 Kd6 38. Kd4 Ke6 39. h4 Kf6 40. hxg5+ Kxg5 41. Ke5 a5 42. c5 1-0

[Event "San Francisco TNM Summer op"]
[Site "San Francisco"]
[Date "2012.05.29"]
[Round "2"]
[White "Dembling, Arthur"]
[Black "Rakonitz, David"]
[Result "1-0"]
[WhiteElo "1708"]
[BlackElo "1495"]
[PlyCount "79"]
[EventDate "2012.05.22"]
[EventType "swiss"]
[EventRounds "8"]
[EventCountry "USA"]
[SourceTitle "EXT 2014"]
[Source "ChessBase"]
[SourceDate "2013.11.20"]
[SourceVersion "1"]
[SourceVersionDate "2013.11.20"]
[SourceQuality "1"]

1. e4 e6 2. d4 d5 3. e5 c5 4. c3 Qb6 5. Nf3 Nc6 6. Be2 Bd7 7. 0-0 f6 8. exf6 Nxf6 9. Na3 a6 10. Rb1 cxd4 11. Bd2 Bd6 12. Nc2 dxc3 13. Bxc3 0-0 14. Ne3 Ne4 15. Be1 Rac8 16. Nxd5 Qd8 17. Nc3 Nxc3 18. Bxc3 Bb8 19. Qb3 Qc7 20. g3 Kh8 21. Kg2 b5 22. Rbc1 Qb7 23. a3 Be5 24. Kg1 Bxc3 25. Rxc3 e5 26. Ng5 Bf5 27. Bf3 h6 28. Ne4 Bxe4 29. Bxe4 Qb6 30. Qe6 Qd4 31. Qg6 Kg8 32. Rxc6 Rxc6 33. Qxc6 Rd8 34. Rc1 Kf8 35. Qc2 Ke7 36. Bf3 Qd3 37. Qc7+ Rd7 38. Qxe5+ Kd8 39. Qb8+ Ke7 40. Re1+ 1-0

[Event "San Francisco TNM Winter op"]
[Site "San Francisco"]
[Date "2012.01.24"]
[Round "4"]
[White "Hilliard, Michael"]
[Black "Dembling, Arthur"]
[Result "0-1"]
[WhiteElo "1408"]
[BlackElo "1736"]
[PlyCount "90"]
[EventDate "2012.01.03"]
[EventType "swiss"]
[EventRounds "8"]
[EventCountry "USA"]
[SourceTitle "EXT 2014"]
[Source "ChessBase"]
[SourceDate "2013.11.20"]
[SourceVersion "1"]
[SourceVersionDate "2013.11.20"]
[SourceQuality "1"]

1. d4 Nf6 2. Bg5 d5 3. Bxf6 exf6 4. e3 Be6 5. Bd3 c5 6. c3 c4 7. Bc2 Bd6 8. e4 Qe7 9. Ne2 0-0 10. 0-0 Qd7 11. Nd2 Nc6 12. Re1 b5 13. a4 b4 14. b3 bxc3 15. Nxc3 Nxd4 16. exd5 Bg4 17. Qb1 Nxc2 18. Qxc2 cxb3 19. Nxb3 Rfc8 20. Nd4 Be5 21. Nc6 Bf5 22. Nxe5 fxe5 23. Qd2 f6 24. Nb5 Rc2 25. Qd1 a6 26. Na3 Rc5 27. d6 Rc6 28. Qd5+ Be6 29. Qe4 Rac8 30. Rad1 Rxd6 31. Rxd6 Qxd6 32. Nc2 Rc4 33. Qa8+ Kf7 34. Qb7+ Kg6 35. Qb3 Qd2 36. Qg3+ Kf7 37. Qf3 Rxc2 38. Qb7+ Kg6 39. Qe4+ Bf5 40. Qe3 Qxe3 41. fxe3 Be4 42. g3 Rg2+ 43. Kf1 Rxh2 44. a5 Kg5 45. Re2 Bd3 0-1

[Event "San Francisco TNM Litowsky op"]
[Site "San Francisco"]
[Date "2011.09.27"]
[Round "9"]
[White "Dembling, Arthur"]
[Black "Marshall, Johnathan"]
[Result "0-1"]
[WhiteElo "1796"]
[BlackElo "1589"]
[PlyCount "70"]
[EventDate "2011.08.02"]
[EventType "swiss"]
[EventRounds "9"]
[EventCountry "USA"]
[SourceTitle "EXT 2016"]
[Source "ChessBase"]
[SourceDate "2015.10.08"]
[SourceVersion "1"]
[SourceVersionDate "2015.10.08"]
[SourceQuality "1"]

1. e4 c5 2. Nf3 d6 3. Bb5+ Nc6 4. 0-0 Bd7 5. Re1 Nf6 6. h3 e6 7. c3 Ne5 8. Bxd7+ Nfxd7 9. d4 cxd4 10. cxd4 Ng6 11. Nc3 Be7 12. d5 e5 13. Be3 0-0 14. Rc1 a6 15. Qd2 f5 16. exf5 Rxf5 17. Ne4 Rxf3 18. gxf3 Nh4 19. Qe2 Qf8 20. Nd2 Qf7 21. Kh1 Rf8 22. Rg1 Qf5 23. Rg3 Ng6 24. Kh2 Bh4 25. Rg4 Nf6 26. Rgg1 Nh5 27. Rg4 Nf6 28. Rgg1 Kh8 29. Qc4 b5 30. Qc2 Qh5 31. Qc7 Nxd5 32. Qxd6 Ndf4 33. Rg4 Be7 34. Qe6 Qxh3+ 35. Kg1 Ne2# 0-1

[Event "San Francisco TNM Litowsky op"]
[Site "San Francisco"]
[Date "2011.09.06"]
[Round "6"]
[White "Dembling, Arthur"]
[Black "Hilliard, Michael"]
[Result "1-0"]
[WhiteElo "1796"]
[BlackElo "1448"]
[PlyCount "119"]
[EventDate "2011.08.02"]
[EventType "swiss"]
[EventRounds "9"]
[EventCountry "USA"]
[SourceTitle "EXT 2016"]
[Source "ChessBase"]
[SourceDate "2015.10.08"]
[SourceVersion "1"]
[SourceVersionDate "2015.10.08"]
[SourceQuality "1"]

1. e4 c6 2. d4 d5 3. exd5 cxd5 4. c4 e6 5. Nc3 Nf6 6. Nf3 Be7 7. cxd5 Nxd5 8. Bd3 0-0 9. 0-0 Nc6 10. Re1 a6 11. a3 b5 12. Qe2 Bb7 13. Ne4 Nf6 14. Be3 Rc8 15. Rad1 Rc7 16. Nc5 Nd7 17. Bf4 Nxc5 18. dxc5 Rd7 19. Qc2 Nd4 20. Nxd4 Rxd4 21. Bd6 g6 22. Bxe7 Qxe7 23. b4 Qg5 24. Be4 Bxe4 25. Rxe4 Rxd1+ 26. Qxd1 Rd8 27. Qe1 Rd2 28. h4 Qd8 29. Kh2 Rd1 30. Qe3 Rd3 31. Qc1 Rd4 32. Qf4 Rd5 33. g3 Rd3 34. Re3 Qd4 35. Qf3 Rxe3 36. Qxe3 Qd7 37. Qe4 Qc8 38. Qd4 Qc7 39. Kg2 h5 40. f3 Kf8 41. Qh8+ Ke7 42. Qa8 Kd7 43. Qxa6 Qc6 44. Qxc6+ Kxc6 45. Kf2 e5 46. Ke3 f5 47. g4 Kd5 48. gxf5 gxf5 49. Kd3 Kc6 50. Kc3 Kd5 51. Kb3 e4 52. fxe4+ fxe4 53. Kc3 Ke5 54. Kd2 Ke6 55. Ke3 Ke5 56. c6 Kd6 57. Kxe4 Kxc6 58. Ke5 Kc7 59. Kd5 Kb6 60. Kd6 1-0

[Event "San Francisco TNM Litowsky op"]
[Site "San Francisco"]
[Date "2011.08.09"]
[Round "2"]
[White "Traub, Igor Vladimirovich"]
[Black "Dembling, Arthur"]
[Result "1-0"]
[WhiteElo "2119"]
[BlackElo "1796"]
[PlyCount "67"]
[EventDate "2011.08.02"]
[EventType "swiss"]
[EventRounds "9"]
[EventCountry "USA"]
[SourceTitle "EXT 2016"]
[Source "ChessBase"]
[SourceDate "2015.10.08"]
[SourceVersion "1"]
[SourceVersionDate "2015.10.08"]
[SourceQuality "1"]

1. Nf3 Nf6 2. g3 d5 3. d3 c6 4. Bg2 Bg4 5. Nbd2 Nbd7 6. e4 e6 7. 0-0 Bd6 8. Qe1 Qc7 9. Nd4 0-0 10. h3 Bh5 11. Kh1 Rae8 12. f4 e5 13. Nf5 exf4 14. Nxd6 Qxd6 15. gxf4 dxe4 16. dxe4 Qc5 17. c3 h6 18. e5 Bg6 19. Qh4 Nd5 20. f5 Bh7 21. Ne4 Qb6 22. f6 Rxe5 23. fxg7 Rfe8 24. Nd6 R8e7 25. Nc8 Qc5 26. Nxe7+ Rxe7 27. Bxh6 Ne5 28. Rad1 Bd3 29. Be3 Ng6 30. Bxc5 Nxh4 31. Rxd3 Re2 32. Bxd5 cxd5 33. Re3 Rxb2 34. Bd4 1-0

[Event "San Francisco TNM Summer op"]
[Site "San Francisco"]
[Date "2011.07.12"]
[Round "8"]
[White "Dembling, Arthur"]
[Black "Anderson, Michael Gene"]
[Result "0-1"]
[WhiteElo "1810"]
[BlackElo "1900"]
[PlyCount "82"]
[EventDate "2011.05.24"]
[EventType "swiss"]
[EventRounds "8"]
[EventCountry "USA"]
[SourceTitle "EXT 2016"]
[Source "ChessBase"]
[SourceDate "2015.10.08"]
[SourceVersion "1"]
[SourceVersionDate "2015.10.08"]
[SourceQuality "1"]

1. e4 c5 2. Nf3 Nc6 3. Bb5 g6 4. 0-0 Bg7 5. c3 e5 6. d3 d6 7. h3 Nh6 8. Bg5 f6 9. Be3 0-0 10. Bc4+ Kh8 11. Qd2 Ng8 12. Na3 a6 13. Rad1 b5 14. Bd5 Nge7 15. d4 Nxd5 16. exd5 cxd4 17. cxd4 Nxd4 18. Nxd4 exd4 19. Bxd4 Bb7 20. Be3 Rc8 21. Nc2 f5 22. Bd4 Rc4 23. b3 Rc7 24. Bb6 Rxc2 25. Qxc2 Qxb6 26. Rfe1 Be5 27. Qd2 f4 28. Re4 Bc8 29. Qe2 Re8 30. Rxf4 Bf5 31. Kh1 Rc8 32. Rf3 Rc2 33. Rd2 Rc1+ 34. Rd1 Qc5 35. Qd2 Rxd1+ 36. Qxd1 Be4 37. Rf8+ Kg7 38. Ra8 Qxf2 39. Qg1 Qg3 40. Ra7+ Kh6 41. Rxa6 Qxh3+ 0-1

[Event "San Francisco TNM Summer op"]
[Site "San Francisco"]
[Date "2011.06.21"]
[Round "5"]
[White "Dembling, Arthur"]
[Black "Salvo, Tab"]
[Result "0-1"]
[WhiteElo "1810"]
[BlackElo "1723"]
[PlyCount "117"]
[EventDate "2011.05.24"]
[EventType "swiss"]
[EventRounds "8"]
[EventCountry "USA"]
[SourceTitle "EXT 2016"]
[Source "ChessBase"]
[SourceDate "2015.10.08"]
[SourceVersion "1"]
[SourceVersionDate "2015.10.08"]
[SourceQuality "1"]

1. e4 c5 2. Nf3 d6 3. Bb5+ Bd7 4. Bxd7+ Qxd7 5. 0-0 Nc6 6. c3 Nf6 7. d4 cxd4 8. cxd4 Nxe4 9. d5 Nd8 10. Re1 f5 11. Nd4 g6 12. f3 Nf6 13. Nc3 Bg7 14. Bg5 0-0 15. Qd2 Re8 16. Ne6 Bh8 17. Rad1 Rc8 18. Qe3 Nf7 19. Qxa7 Nxg5 20. Nxg5 h6 21. Ne6 Nh5 22. Qe3 Kh7 23. Rd3 Bf6 24. Kh1 Rc4 25. b3 Rcc8 26. g3 b5 27. Rc1 Qb7 28. Ne2 b4 29. N2f4 Nxf4 30. Nxf4 Rxc1+ 31. Qxc1 Rc8 32. Qe3 Qc7 33. Qe6 Kg7 34. Re3 Qc2 35. Re2 Qd1+ 36. Kg2 Rc1 37. Kh3 Qf1+ 38. Rg2 Qxf3 39. Qe2 Qxe2 40. Rxe2 Kf7 41. Nd3 Rc3 42. Nxb4 f4 43. Nc6 h5 44. Nd8+ Ke8 45. Ne6 g5 46. Rf2 g4+ 47. Kg2 f3+ 48. Kg1 Rd3 49. h3 Kd7 50. hxg4 hxg4 51. Nf8+ Ke8 52. Ne6 Kf7 53. Nd8+ Kg8 54. Ne6 Rxd5 55. Kh2 Rh5+ 56. Kg1 Kf7 57. Nf4 Rc5 58. Kh2 Bd4 59. Rd2 0-1

[Event "San Francisco TNM Winter op"]
[Site "San Francisco"]
[Date "2011.02.08"]
[Round "6"]
[White "Anderson, Michael"]
[Black "Dembling, Arthur"]
[Result "1-0"]
[WhiteElo "1907"]
[BlackElo "1799"]
[PlyCount "61"]
[EventDate "2011.01.04"]
[EventType "swiss"]
[EventRounds "8"]
[EventCountry "USA"]
[SourceTitle "EXT 2012"]
[Source "ChessBase"]
[SourceDate "2011.11.24"]
[SourceVersion "1"]
[SourceVersionDate "2011.11.24"]
[SourceQuality "1"]

1. e4 e6 2. f4 d5 3. e5 c5 4. Nf3 Nc6 5. c3 Nh6 6. Na3 a6 7. Nc2 Nf5 8. Bd3 Nfe7 9. 0-0 Ng6 10. Bxg6 hxg6 11. d4 Be7 12. Be3 Qb6 13. Rb1 Bd7 14. a3 cxd4 15. Bxd4 Nxd4 16. Ncxd4 0-0-0 17. a4 Kb8 18. b4 Qc7 19. Qc2 Rc8 20. Rfc1 Qc4 21. Nd2 Qc7 22. Qa2 g5 23. b5 axb5 24. axb5 Qb6 25. Kh1 Rh4 26. N2b3 Rch8 27. h3 g4 28. Na5 gxh3 29. g3 Rg4 30. Nac6+ Bxc6 31. bxc6 1-0

[Event "San Francisco TNM Fall op"]
[Site "San Francisco"]
[Date "2010.11.30"]
[Round "7"]
[White "Wang, Yuan1111"]
[Black "Dembling, Arthur"]
[Result "0-1"]
[WhiteElo "1894"]
[BlackElo "1775"]
[PlyCount "74"]
[EventDate "2010.10.20"]
[EventType "swiss"]
[EventRounds "9"]
[EventCountry "USA"]
[SourceTitle "EXT 2012"]
[Source "ChessBase"]
[SourceDate "2011.11.24"]
[SourceVersion "1"]
[SourceVersionDate "2011.11.24"]
[SourceQuality "1"]

1. e4 e6 2. d4 d5 3. Nc3 Nf6 4. e5 Nfd7 5. f4 c5 6. Nf3 Nc6 7. Be3 cxd4 8. Nxd4 Nxd4 9. Bxd4 a6 10. Qg4 Qc7 11. Bd3 g6 12. h4 h5 13. Qf3 b5 14. 0-0-0 Bb7 15. g4 b4 16. Ne2 a5 17. Kb1 Ba6 18. gxh5 Bxd3 19. Qxd3 Rxh5 20. Ng3 Rh8 21. h5 gxh5 22. Nxh5 0-0-0 23. Ng3 Bc5 24. Ne2 Qb6 25. Bxc5 Nxc5 26. Qe3 Kb7 27. Nd4 Ne4 28. Qd3 a4 29. Ne2 Rc8 30. Ng3 Nc3+ 31. Ka1 Nxd1 32. Rxh8 Rxh8 33. Qxd1 Qe3 34. Ne4 Qxf4 35. Nd6+ Kb8 36. Qe1 Rh2 37. Nxf7 Qe4 0-1

[Event "San Francisco TNM Peter Grey op"]
[Site "San Francisco"]
[Date "2010.08.10"]
[Round "2"]
[White "James, Charles"]
[Black "Dembling, Arthur"]
[Result "0-1"]
[WhiteElo "1383"]
[BlackElo "1738"]
[PlyCount "54"]
[EventDate "2010.08.03"]
[EventType "swiss"]
[EventRounds "9"]
[EventCountry "USA"]
[SourceTitle "EXT 2012"]
[Source "ChessBase"]
[SourceDate "2011.11.24"]
[SourceVersion "1"]
[SourceVersionDate "2011.11.24"]
[SourceQuality "1"]

1. d4 Nf6 2. c4 e6 3. Nc3 Bb4 4. Qc2 d5 5. a3 Bxc3+ 6. Qxc3 Ne4 7. Qc2 c5 8. dxc5 Nc6 9. e3 Qa5+ 10. Bd2 Qxc5 11. b4 Qe7 12. Bd3 Qf6 13. Bxe4 Qxa1+ 14. Qb1 Qxb1+ 15. Bxb1 dxc4 16. Nf3 0-0 17. 0-0 b5 18. Rd1 Bb7 19. Bc3 Rfd8 20. Re1 Rd7 21. Be4 Rad8 22. Nd4 Nxd4 23. exd4 Bxe4 24. Rxe4 Rd5 25. f4 R8d6 26. g4 f5 27. gxf5 Rxf5 0-1

[Event "San Francisco TNM Summer op"]
[Site "San Francisco"]
[Date "2010.06.15"]
[Round "4"]
[White "Ochoa, Jason"]
[Black "Dembling, Arthur"]
[Result "1-0"]
[WhiteElo "1900"]
[BlackElo "1785"]
[PlyCount "105"]
[EventDate "2010.05.25"]
[EventType "swiss"]
[EventRounds "8"]
[EventCountry "USA"]
[SourceTitle "EXT 2012"]
[Source "ChessBase"]
[SourceDate "2011.11.24"]
[SourceVersion "1"]
[SourceVersionDate "2011.11.24"]
[SourceQuality "1"]

1. c4 e5 2. Nc3 Bb4 3. Nd5 Be7 4. Nf3 Nc6 5. d3 d6 6. g3 Nf6 7. Nxe7 Qxe7 8. Bg2 0-0 9. 0-0 Bd7 10. Bg5 h6 11. Bd2 Rfe8 12. Bc3 a5 13. Nd2 Nd8 14. Qb3 Ra7 15. Rac1 Bc6 16. e4 Ne6 17. Qd1 Nc5 18. Qe2 Na4 19. f4 Nxc3 20. Rxc3 exf4 21. gxf4 Bd7 22. f5 Qe5 23. Nf3 Qc5+ 24. Qf2 Qxf2+ 25. Rxf2 Ng4 26. Rd2 Bc6 27. Bh3 Ne5 28. Nxe5 Rxe5 29. Rg2 Ra8 30. Rcc2 f6 31. Rg3 Rae8 32. Rcg2 R8e7 33. Rg6 Kh7 34. R6g3 b5 35. b3 a4 36. Bg4 Be8 37. Bf3 axb3 38. d4 bxa2 39. Rxa2 Rxe4 40. Bxe4 Rxe4 41. Rag2 Re7 42. cxb5 Bxb5 43. Rc2 c6 44. Rb2 Bc4 45. Kf2 Bd5 46. Re3 Ra7 47. Re8 Ra4 48. Rbb8 Ra2+ 49. Ke3 Ra3+ 50. Kd2 Ra2+ 51. Kc1 Ra1+ 52. Kb2 Ra2+ 53. Kb1 1-0

[Event "San Francisco TNM Summer op"]
[Site "San Francisco"]
[Date "2010.05.25"]
[Round "2"]
[White "Dembling, Arthur"]
[Black "Rakonitz, David"]
[Result "1-0"]
[WhiteElo "1785"]
[BlackElo "1374"]
[PlyCount "83"]
[EventDate "2010.05.25"]
[EventType "swiss"]
[EventRounds "8"]
[EventCountry "USA"]
[SourceTitle "EXT 2012"]
[Source "ChessBase"]
[SourceDate "2011.11.24"]
[SourceVersion "1"]
[SourceVersionDate "2011.11.24"]
[SourceQuality "1"]

1. e4 e6 2. d4 d5 3. e5 c5 4. c3 Nc6 5. Be3 Qb6 6. Qd2 Be7 7. Bd3 Bd7 8. Ne2 Na5 9. dxc5 Bxc5 10. Bxc5 Qxc5 11. b4 Nc4 12. bxc5 Nxd2 13. Nxd2 Ne7 14. Rb1 Rb8 15. Nd4 a6 16. Bxa6 0-0 17. Bd3 Rfc8 18. N2b3 Ng6 19. Bxg6 fxg6 20. Ke2 Kf7 21. Rhc1 Ke7 22. Ke3 g5 23. f3 Be8 24. Rb2 Ra8 25. Rcc2 Bg6 26. Rd2 Be8 27. c6 bxc6 28. Nc5 Ra7 29. Ndxe6 Kf7 30. Nxg5+ Kg6 31. f4 h6 32. Nf3 Rcc7 33. g4 Kf7 34. f5 Ra3 35. Kd4 Ra8 36. Rb7 Rxb7 37. Nxb7 Ra4+ 38. Ke3 Rxg4 39. Nd6+ Ke7 40. Rb2 Bh5 41. Rb7+ Kd8 42. e6 1-0

[Event "San Francisco TNM Summer op"]
[Site "San Francisco"]
[Date "2010.05.25"]
[Round "2"]
[White "Gaffagan, Steven"]
[Black "Dembling, Arthur"]
[Result "1/2-1/2"]
[WhiteElo "2024"]
[BlackElo "1785"]
[PlyCount "69"]
[EventDate "2010.05.25"]
[EventType "swiss"]
[EventRounds "8"]
[EventCountry "USA"]
[SourceTitle "EXT 2012"]
[Source "ChessBase"]
[SourceDate "2011.11.24"]
[SourceVersion "1"]
[SourceVersionDate "2011.11.24"]
[SourceQuality "1"]

1. e4 e6 2. d4 d5 3. Nc3 Nf6 4. Bg5 Bb4 5. exd5 Qxd5 6. Bxf6 gxf6 7. Nf3 Nc6 8. Qd3 Qa5 9. g3 Bxc3+ 10. bxc3 b6 11. Be2 Bb7 12. 0-0 0-0-0 13. Rfe1 h5 14. Nh4 Ne5 15. Qb5 Qxb5 16. Bxb5 Nf3+ 17. Nxf3 Bxf3 18. Ba6+ Kb8 19. Re3 Bd5 20. h4 Rhg8 21. Be2 Rh8 22. c4 Bb7 23. c3 f5 24. f4 Be4 25. Kf2 Kb7 26. Rd1 c6 27. a3 Rd7 28. a4 a6 29. a5 b5 30. c5 f6 31. Bf3 Bxf3 32. Kxf3 Re8 33. Rde1 Rde7 34. R1e2 Kc7 35. Kf2 1/2-1/2

[Event "San Francisco TNM Spring op"]
[Site "San Francisco"]
[Date "2010.04.06"]
[Round "4"]
[White "Manvelyan, Hovik"]
[Black "Dembling, Arthur"]
[Result "1-0"]
[WhiteElo "1959"]
[BlackElo "1726"]
[PlyCount "53"]
[EventDate "2010.03.16"]
[EventType "swiss"]
[EventRounds "8"]
[EventCountry "USA"]
[SourceTitle "EXT 2012"]
[Source "ChessBase"]
[SourceDate "2011.11.24"]
[SourceVersion "1"]
[SourceVersionDate "2011.11.24"]
[SourceQuality "1"]

1. d4 Nf6 2. c4 e6 3. Nc3 Bb4 4. f3 d5 5. a3 Bxc3+ 6. bxc3 0-0 7. Bg5 Nbd7 8. e4 h6 9. Bxf6 Nxf6 10. Bd3 c5 11. e5 Nd7 12. Ne2 cxd4 13. cxd4 Qa5+ 14. Kf2 Nb6 15. h4 dxc4 16. Bb1 Nd5 17. Qc2 g6 18. h5 Ne7 19. hxg6 fxg6 20. Rxh6 Nf5 21. g4 Kg7 22. gxf5 Kxh6 23. f6 Rxf6 24. exf6 Qh5 25. Qd2+ Kh7 26. Bxg6+ Qxg6 27. Rh1+ 1-0

[Event "San Francisco TNM Winter op"]
[Site "San Francisco"]
[Date "2010.01.26"]
[Round "4"]
[White "Grey, Peter G"]
[Black "Dembling, Arthur"]
[Result "1/2-1/2"]
[WhiteElo "2020"]
[BlackElo "1717"]
[PlyCount "129"]
[EventDate "2010.01.05"]
[EventType "swiss"]
[EventRounds "8"]
[EventCountry "USA"]
[SourceTitle "EXT 2012"]
[Source "ChessBase"]
[SourceDate "2011.11.24"]
[SourceVersion "1"]
[SourceVersionDate "2011.11.24"]
[SourceQuality "1"]

1. d4 Nf6 2. c4 e6 3. g3 c5 4. d5 d6 5. Bg2 Be7 6. Nc3 0-0 7. Nf3 Qb6 8. 0-0 exd5 9. cxd5 Nbd7 10. a4 a6 11. a5 Qc7 12. h3 b5 13. axb6 Nxb6 14. e4 Bb7 15. Re1 Rfe8 16. Nd2 Nfd7 17. Nb3 Nc4 18. Bf1 Nce5 19. Na5 Bc8 20. f4 Ng6 21. Qa4 Bb7 22. Nxb7 Qxb7 23. Qc6 Qxc6 24. dxc6 Nb6 25. Rxa6 Rxa6 26. Bxa6 Ra8 27. Bb7 Ra7 28. Nd5 Bd8 29. Bd2 Ne7 30. Bc3 Kf8 31. Rd1 Nbxd5 32. exd5 Ng8 33. Kf2 Nf6 34. Kf3 Ne8 35. g4 Nc7 36. g5 Nb5 37. Re1 Nc7 38. Rd1 Nb5 39. Kg4 Ra4 40. Re1 Nc7 41. Rd1 Nb5 42. Bc8 Nc7 43. Bd7 Ra7 44. h4 Ra8 45. h5 Ra4 46. Re1 Ra7 47. h6 gxh6 48. gxh6 Ra4 49. Kf5 Bh4 50. Bg7+ Kg8 51. Rg1 Nxd5 52. Be5+ Kf8 53. Bxd6+ Be7 54. Bxe7+ Kxe7 55. Re1+ Kd6 56. Re4 Ne7+ 57. Rxe7 Kxe7 58. Ke5 Rd4 59. Kf5 Rb4 60. Kg4 Rxb2 61. Bf5 Kd8 62. Bxh7 Rg2+ 63. Kh5 Rh2+ 64. Kg5 Rg2+ 65. Kf6 1/2-1/2

[Event "San Francisco TNM Fall op"]
[Site "San Francisco"]
[Date "2009.12.08"]
[Round "8"]
[White "Leavens, Weston A"]
[Black "Dembling, Arthur"]
[Result "1-0"]
[WhiteElo "1812"]
[BlackElo "1729"]
[PlyCount "65"]
[EventDate "2009.10.20"]
[EventType "swiss"]
[EventRounds "9"]
[EventCountry "USA"]
[SourceTitle "EXT 2012"]
[Source "ChessBase"]
[SourceDate "2011.11.24"]
[SourceVersion "1"]
[SourceVersionDate "2011.11.24"]
[SourceQuality "1"]

1. e4 e6 2. d3 d5 3. Nd2 c5 4. Ngf3 Nc6 5. g3 Bd6 6. Bg2 Nge7 7. 0-0 0-0 8. Re1 Qc7 9. Qe2 Ng6 10. Nf1 d4 11. h4 f6 12. h5 Nge7 13. Nh4 e5 14. Nh2 Be6 15. g4 b5 16. Nf5 Nxf5 17. gxf5 Bf7 18. Qg4 Kh8 19. Bd2 c4 20. a3 Rab8 21. Nf3 Qe7 22. Nh4 Qe8 23. Bf3 Rb7 24. Kh1 b4 25. dxc4 bxa3 26. bxa3 d3 27. cxd3 Nd4 28. Bd1 Rb2 29. Be3 Nc2 30. Rg1 Rg8 31. Ng6+ hxg6 32. hxg6 Bxg6 33. fxg6 1-0

[Event "San Francisco TNM Fall op"]
[Site "San Francisco"]
[Date "2009.11.03"]
[Round "3"]
[White "Krasnov, Steven Lender"]
[Black "Dembling, Arthur"]
[Result "1-0"]
[WhiteElo "1932"]
[BlackElo "1729"]
[PlyCount "78"]
[EventDate "2009.10.20"]
[EventType "swiss"]
[EventRounds "9"]
[EventCountry "USA"]
[SourceTitle "EXT 2012"]
[Source "ChessBase"]
[SourceDate "2011.11.24"]
[SourceVersion "1"]
[SourceVersionDate "2011.11.24"]
[SourceQuality "1"]

1. d4 Nf6 2. Nf3 e6 3. c4 b6 4. g3 Bb7 5. Bg2 c5 6. e3 cxd4 7. exd4 Be7 8. Nc3 0-0 9. 0-0 d5 10. Ne5 Nc6 11. Re1 Rc8 12. cxd5 exd5 13. Bg5 Re8 14. Bxf6 Bxf6 15. Bxd5 Bxe5 16. dxe5 Na5 17. Bxb7 Nxb7 18. Qa4 a5 19. Rad1 Qg5 20. Rd5 Nc5 21. Qd1 Ne6 22. Ne4 Qg6 23. Nd6 Nf4 24. Rd2 Ne6 25. Nxe8 Rxe8 26. Rd6 Rc8 27. Rxb6 h6 28. Qe2 Qf5 29. Qe4 Qg5 30. Qe3 Qf5 31. Rb5 Ng5 32. f4 Nh3+ 33. Kg2 Rc2+ 34. Re2 Rc8 35. a4 g5 36. e6 Nxf4+ 37. gxf4 Qg4+ 38. Kf2 Qh4+ 39. Qg3 Qh5 1-0